[Event "Cabure-ch Gobernadora de Falcon"]
[Site "Cabure"]
[Date "2012.10.25"]
[Round "5"]
[White "Ferragut, Arnaldo"]
[Black "Mendoza, Gustavo1111"]
[Result "1/2-1/2"]
[WhiteElo "2255"]
[BlackElo "2150"]
[PlyCount "80"]
[EventDate "2012.10.25"]
[EventType "swiss"]
[EventRounds "7"]
[EventCountry "VEN"]
[SourceTitle "EXT 2022"]
[Source "ChessBase"]
[SourceDate "2021.10.06"]
[SourceVersion "1"]
[SourceVersionDate "2021.10.06"]
[SourceQuality "1"]

1. c4 e5 2. Nc3 Nf6 3. g3 g6 4. Bg2 Bg7 5. d3 0-0 6. Nf3 d6 7. 0-0 Nc6 8. Rb1 a5 9. a3 h6 10. b4 axb4 11. axb4 Ne8 12. Nd5 Ne7 13. Nd2 c6 14. Nxe7+ Qxe7 15. b5 c5 16. Ne4 f5 17. Nc3 Nf6 18. Bb2 Be6 19. Ra1 f4 20. b6 Qd7 21. Qb3 Bh3 22. Ra7 Bxg2 23. Kxg2 fxg3 24. hxg3 Rab8 25. Bc1 h5 26. Bg5 Nh7 27. Be3 h4 28. f3 hxg3 29. Ne4 Nf6 30. Nxg3 Nh5 31. Nxh5 gxh5 32. Rh1 Qf5 33. Qb1 Bf6 34. Qg1 Kf7 35. Qh2 Rg8+ 36. Kf2 Bd8 37. Qxh5+ Qxh5 38. Rxh5 Bxb6 39. Ra1 Bc7 40. Rb1 b6 1/2-1/2

[Event "Barquisimeto op"]
[Site "Barquisimeto"]
[Date "2012.05.25"]
[Round "4"]
[White "Ferragut, Arnaldo"]
[Black "Conti, Alejandro"]
[Result "1-0"]
[WhiteElo "2263"]
[BlackElo "2000"]
[PlyCount "91"]
[EventDate "2012.05.23"]
[EventType "swiss"]
[EventRounds "7"]
[EventCountry "VEN"]
[SourceTitle "CBM 148 Extra"]
[Source "ChessBase"]
[SourceDate "2012.06.22"]
[SourceVersion "1"]
[SourceVersionDate "2012.06.22"]
[SourceQuality "1"]

1. d4 Nf6 2. Nf3 d6 3. e3 g6 4. b3 Bg7 5. Bb2 0-0 6. Nbd2 Nbd7 7. c4 c6 8. Qc2 Re8 9. Rd1 e5 10. dxe5 dxe5 11. Be2 Qc7 12. 0-0 a5 13. a3 Nc5 14. e4 Nh5 15. Rfe1 Nf4 16. Bf1 Bg4 17. b4 axb4 18. axb4 Nce6 19. h3 Bxf3 20. Nxf3 Red8 21. g3 Nh5 22. c5 Nd4 23. Bxd4 exd4 24. Bc4 Ra3 25. Kg2 Rc3 26. Qa2 Be5 27. Nxe5 Qxe5 28. Rd3 Qg5 29. Kh2 Kg7 30. Red1 Rxd3 31. Bxd3 Qf6 32. Qe2 Qe7 33. f4 Nf6 34. Re1 h5 35. Qf2 Ne8 36. e5 Nc7 37. f5 gxf5 38. Qxf5 Rh8 39. Rf1 Rh6 40. Bc4 Ne6 41. h4 Nd8 42. Qe4 Ne6 43. Rf5 Rg6 44. Rxh5 Nxc5 45. bxc5 Qxc5 46. Bxf7 1-0

[Event "Barquisimeto IRT op"]
[Site "Barquisimeto"]
[Date "2012.04.08"]
[Round "9"]
[White "Ovalles, Otto"]
[Black "Ferragut, Arnaldo"]
[Result "1-0"]
[WhiteElo "2153"]
[BlackElo "2288"]
[PlyCount "69"]
[EventDate "2012.04.04"]
[EventType "swiss"]
[EventRounds "9"]
[EventCountry "VEN"]
[SourceTitle "CBM 147 Extra"]
[Source "ChessBase"]
[SourceDate "2012.04.24"]
[SourceVersion "1"]
[SourceVersionDate "2012.04.24"]
[SourceQuality "1"]

1. d4 Nf6 2. c4 c5 3. d5 e6 4. Nc3 exd5 5. cxd5 d6 6. e4 g6 7. f4 a6 8. a4 Bg7 9. Nf3 0-0 10. Be2 Re8 11. Nd2 Nbd7 12. 0-0 Rb8 13. a5 b5 14. axb6 Nxb6 15. Ra3 Ra8 16. Bf3 h5 17. h3 Nfd7 18. g3 c4 19. h4 Bd4+ 20. Kg2 Nf6 21. Nxc4 Nxc4 22. Qxd4 Nxa3 23. bxa3 Bb7 24. Bb2 Rc8 25. Rf2 Nh7 26. e5 dxe5 27. fxe5 Qc7 28. e6 Qc5 29. exf7+ Kxf7 30. Bxh5+ Kg8 31. Qd3 Qd6 32. Bxg6 Re7 33. Qf5 Qd7 34. Qxd7 Rxd7 35. Bf5 1-0

[Event "Barquisimeto IRT op"]
[Site "Barquisimeto"]
[Date "2012.04.06"]
[Round "5"]
[White "Balza Rodriguez, Oswaldo de Jesus"]
[Black "Ferragut, Arnaldo"]
[Result "1/2-1/2"]
[WhiteElo "2091"]
[BlackElo "2288"]
[PlyCount "82"]
[EventDate "2012.04.04"]
[EventType "swiss"]
[EventRounds "9"]
[EventCountry "VEN"]
[SourceTitle "CBM 147 Extra"]
[Source "ChessBase"]
[SourceDate "2012.04.24"]
[SourceVersion "1"]
[SourceVersionDate "2012.04.24"]
[SourceQuality "1"]

1. d4 Nf6 2. Nf3 e6 3. Bg5 d5 4. c4 Be7 5. Nc3 h6 6. Bxf6 Bxf6 7. e4 dxe4 8. Nxe4 Be7 9. a3 0-0 10. Bd3 b6 11. 0-0 Bb7 12. Qe2 Nd7 13. Rfd1 c6 14. c5 Qc7 15. Rac1 Rfd8 16. Bb1 bxc5 17. dxc5 Nf6 18. b4 a5 19. Rxd8+ Rxd8 20. b5 cxb5 21. c6 Bxc6 22. Nxf6+ Bxf6 23. Be4 Qd6 24. Bxc6 Qxa3 25. Rd1 Rxd1+ 26. Qxd1 Qc5 27. Be4 a4 28. Qc2 Bc3 29. Nd2 Qe5 30. Nf3 Qc5 31. Nd2 f5 32. Bd3 b4 33. Qxa4 Bxd2 34. Qe8+ Kh7 35. Qxe6 Qc1+ 36. Bf1 Qb1 37. h4 h5 38. g4 hxg4 39. h5 Qe4 40. Qg6+ Kh8 41. Bd3 Qxd3 1/2-1/2

[Event "Pinar del Rio Provincial"]
[Site "Pinar del Rio"]
[Date "1999.??.??"]
[Round "?"]
[White "Valdes, Luis Enrique"]
[Black "Ferragut, Arnaldo"]
[Result "1-0"]
[WhiteElo "2406"]
[BlackElo "2257"]
[PlyCount "45"]
[EventDate "1999.??.??"]
[EventType "tourn"]
[EventRounds "3"]
[EventCountry "CUB"]
[SourceTitle "EXT 2004"]
[Source "ChessBase"]
[SourceDate "2003.11.25"]
[SourceVersion "1"]
[SourceVersionDate "2003.11.25"]
[SourceQuality "1"]

1. d4 Nf6 2. c4 g6 3. Nc3 Bg7 4. e4 d6 5. Be2 0-0 6. Bg5 h6 7. Be3 c6 8. Qd2 Kh7 9. f3 a6 10. g4 b5 11. h4 Nbd7 12. Nh3 e5 13. d5 bxc4 14. dxc6 Nb8 15. c7 Qxc7 16. g5 Nh5 17. Nd5 Qd8 18. gxh6 Bf6 19. Ng5+ Bxg5 20. hxg5 Ng3 21. Bb6 Nxh1 22. Bxd8 Rxd8 23. Bxc4 1-0